Options Futures and Derivatives

Wedi'i Gadw mewn:
Manylion Llyfryddiaeth
Prif Awdur: John Hull
Fformat: Llyfr
Cyhoeddwyd: pearson
Pynciau:
Tagiau: Ychwanegu Tag
Dim Tagiau, Byddwch y cyntaf i dagio'r cofnod hwn!

MARC

LEADER 00000nam a2200000Ia 4500
005 20260427112722.0
526 |b FinTech 
100 |a John Hull 
020 |a 9789392970962 
650 |a Derivatives 
526 |a Masters 
942 |c BK 
245 |a Options Futures and Derivatives 
260 |b pearson 
999 |c 110  |d 110 
952 |0 0  |1 0  |4 0  |7 0  |8 3  |a BRISTOL  |b BRISTOL  |d 2026-04-22  |l 0  |p 000107  |r 2026-04-27 11:27:23  |w 2026-04-27  |y BK